Índice de competitividad de la ciudad de Córdoba (Registro nro. 23221)

Detalles MARC
000 -LEADER
fixed length control field 00416 a2200133 4500
001 - CONTROL NUMBER
control field ART_10722
005 - DATE AND TIME OF LATEST TRANSACTION
control field 20260410161831.0
008 - FIXED-LENGTH DATA ELEMENTS--GENERAL INFORMATION
fixed length control field 260409a
100 1# - MAIN ENTRY--PERSONAL NAME
Personal name Ferrero, Fernando
245 10 - TITLE STATEMENT
Title Índice de competitividad de la ciudad de Córdoba
700 1# - ADDED ENTRY--PERSONAL NAME
Personal name Figueras, Alberto José
700 1# - ADDED ENTRY--PERSONAL NAME
Personal name Motta, Jorge J.
773 0# - HOST ITEM ENTRY
Title Actualidad Económica
Related parts - Año XVI, Nº 60 (sep./dic. 2006)
Record control number REV5083

No hay ítems disponibles.